Les prénoms qui ont un sens initiale P - Statistiques

Statistiques générales
  • Ce quiz a été pris 84 fois
  • Le résultat moyen est 7 sur 20
Statistiques - réponses
Sens Sexe Prénom Célébrité ou Personnage % Correct
Pieux M Pie P. XII
94%
Roche M Pierre Bachelet
94%
Humble M Paul Bocuse
87%
Ami des chevaux M Philippe Candeloro
86%
De Pâques M Pascal Légitimus
83%
Celle qui déchire la toile F Pénélope Cruz
77%
Noble M Patrice de Mac-Mahon
56%
Fruit à pépins F Pomme -
40%
Fruit à noyau F Prune Antoine
38%
Père de Côme M Pacôme Assi
14%
Très illustre M Philibert Vrau
12%
Exemplaire M Parfait Mandanda
10%
Petit caillou M Perceval Gallois
10%
Circonspection F Prudence Leroy
9%
Antique F Priscille Presley
6%
Pierre F Pétronille d'Aragon
5%
Qui aime Dieu F/M Philothée O'Neddy
3%
Rose trémière F Primerose -
1%
Pleine mer F Pélagie d'Antioche
0%
Belle F Pulchérie -
0%
Aucun quiz correspondant
Distribution des résultats
% des personnes avec chaque résultat
Percentile par nombre de réponses
Votre historique - résultats
Vous n’avez pas pris ce quiz